The Middle East : (Record no. 177)

000 -LEADER
fixed length control field 01188pam a2200325 a 4500
001 - CONTROL NUMBER
control field 1633065
003 - CONTROL NUMBER IDENTIFIER
control field OSt
005 - DATE AND TIME OF LATEST TRANSACTION
control field 20210417104542.0
008 - FIXED-LENGTH DATA ELEMENTS--GENERAL INFORMATION
fixed length control field 960105s1995 nyuabf b 001 0 eng
010 ## - LIBRARY OF CONGRESS CONTROL NUMBER
LC control number 96004384
020 ## - INTERNATIONAL STANDARD BOOK NUMBER
International Standard Book Number 0684807122 (alk. paper)
040 ## - CATALOGING SOURCE
Original cataloging agency DLC
Transcribing agency DLC
Modifying agency DLC
043 ## - GEOGRAPHIC AREA CODE
Geographic area code aw-----
050 00 - LIBRARY OF CONGRESS CALL NUMBER
Classification number DS62
Item number .L594 1995
080 ## - UNIVERSAL DECIMAL CLASSIFICATION NUMBER
Item number L-63
Universal Decimal Classification number 94
082 00 - DEWEY DECIMAL CLASSIFICATION NUMBER
Classification number 956
Edition number 20
100 1# - MAIN ENTRY--PERSONAL NAME
Personal name Lewis, Bernard,
Dates associated with a name 1916-2018.
245 14 - TITLE STATEMENT
Title The Middle East :
Remainder of title a brief history of the last 2,000 years /
Statement of responsibility, etc. Bernard Lewis.
260 ## - PUBLICATION, DISTRIBUTION, ETC.
Place of publication, distribution, etc. New York, N.Y. :
Name of publisher, distributor, etc. Scribner,
Date of publication, distribution, etc. c1995.
300 ## - PHYSICAL DESCRIPTION
Extent xii, 433 p., [16] p. of plates :
Other physical details ill., maps ;
Dimensions 25 cm.
365 ## - TRADE PRICE
Price amount 16 usd
504 ## - BIBLIOGRAPHY, ETC. NOTE
Bibliography, etc. note Includes bibliographical references (p. 394-396) and index.
651 #0 - SUBJECT ADDED ENTRY--GEOGRAPHIC NAME
Geographic name Middle East
General subdivision History.
653 ## - INDEX TERM--UNCONTROLLED
Uncontrolled term ისტორია
653 ## - INDEX TERM--UNCONTROLLED
Uncontrolled term შუა აზია
856 42 - ELECTRONIC LOCATION AND ACCESS
Materials specified Publisher description
Uniform Resource Identifier <a href="http://www.loc.gov/catdir/description/simon033/96004384.html">http://www.loc.gov/catdir/description/simon033/96004384.html</a>
906 ## - LOCAL DATA ELEMENT F, LDF (RLIN)
a 7
b cbc
c orignew
d 1
e ocip
f 19
g y-gencatlg
942 ## - ADDED ENTRY ELEMENTS (KOHA)
Source of classification or shelving scheme
Koha item type Books
Holdings
Withdrawn status Lost status Source of classification or shelving scheme Damaged status Not for loan Permanent location Current location Date acquired Inventory number Full call number Barcode Date last seen Price effective from Koha item type Total Checkouts
          Ken Walker International University Ken Walker International University 11/12/2020 137 94 L-63 137 11/12/2020 11/12/2020 Books  
          Ken Walker International University Ken Walker International University 12/22/2020 739 94 L-63 739 12/22/2020 12/22/2020 Books  

Powered by Koha